000 00461nam a2200181Ia 4500
001 11018
005 20260306161915.0
008 260306t2001||||xx |||||||||||||| ||spa||
041 _aESP
082 _a985
_bV39
100 _aVelaochaga, Luis
_eAUT
245 0 _aPolíticas exteriores del Perú:
_bsociología histórica y periodismo
260 _c2001
300 _a337 páginas :
_c20 cm.
650 _aGEN
654 _aCHU
942 _cLIB
_dJUS
_fJUS
_2ddc
_n
999 _c11018
_d11018